Statistics for Random Countries Slowly Disappear

Click here to take the quiz!

General Stats

  • This quiz has been taken 151 times
  • The average score is 2 of 20

Answers on the Map

Answers color-coded by a green-red scale on the quiz's map according to % correct below.
 

Answer Stats

HintHintCountry% Correct
384.2167.2Algeria
100%
14366Canada
100%
447.0171.3Egypt
100%
377202.2Mali
100%
448.5209.5Sudan
100%
608.0207.9Thailand
100%
624.3219.9Vietnam
100%
556185.9India
67%
372127.5Spain
67%
266294Brazil
50%
501.3152.5Iran
50%
151.0182.0Mexico
50%
569.8166.5Nepal
50%
39386.9Netherlands
50%
248.9339.7Paraguay
50%
57752Russia
50%
449.6239.5South Sudan
50%
616.0219.1Cambodia
33%
427.6239.0Central African Republic
33%
438310Zambia
33%
528.0149.2Afghanistan
0%
425.5124.0Albania
0%
384.0118.7Andorra
0%
420.0301.2Angola
0%
241.4204.0Antigua and Barbuda
0%
234.0373.0Argentina
0%
480.5125.0Armenia
0%
683.0342.0Australia
0%
414.2100.9Austria
0%
487.6125.0Azerbaijan
0%
209.0180.9Bahamas
0%
494.3174.0Bahrain
0%
583.0181.8Bangladesh
0%
246.5217.0Barbados
0%
443.481.2Belarus
0%
391.091.0Belgium
0%
180.9203.6Belize
0%
385.7225.0Benin
0%
584.1169.4Bhutan
0%
236.0319.0Bolivia
0%
421.0113.0Bosnia and
Herzegovina
0%
435.0336.1Botswana
0%
638.6246.1Brunei
0%
437.8117.9Bulgaria
0%
377.0219.0Burkina Faso
0%
447.8272.6Burundi
0%
407.0247.0Cameroon
0%
326.7206.9Cape Verde
0%
422.6209.4Chad
0%
218384Chile
0%
615.0140.9China
0%
216.3247.5Colombia
0%
479.4301.4Comoros
0%
192.0228.0Costa Rica
0%
418.0108.0Croatia
0%
206.0190.2Cuba
0%
455.3143.7Cyprus
0%
414.093.8Czech Republic
0%
433.0267.2Democratic Republic
of the Congo
0%
401.573.5Denmark
0%
476.4221.6Djibouti
0%
242.4209.5Dominica
0%
221197Dominican Republic
0%
664.3290.8East Timor
0%
204.0265.5Ecuador
0%
180.4215.0El Salvador
0%
404.0255.8Equatorial Guinea
0%
466.3209.2Eritrea
0%
439.064.8Estonia
0%
451.3350.1Eswatini
0%
470.0234.2Ethiopia
0%
717.7235.2Federated States of
Micronesia
0%
782.9320.1Fiji
0%
43752Finland
0%
386105France
0%
406.5264Gabon
0%
344216Gambia
0%
479120Georgia
0%
404.089.9Germany
0%
378.2234.5Ghana
0%
430129Greece
0%
241.6220.6Grenada
0%
177.4210.0Guatemala
0%
353.3224.2Guinea
0%
347.7220.3Guinea-Bissau
0%
248242Guyana
0%
218196Haiti
0%
184.5210.7Honduras
0%
424.4103.1Hungary
0%
34143Iceland
0%
635.5264Indonesia
0%
478.8149.9Iraq
0%
363.082.5Ireland
0%
459.0157.0Israel
0%
416.4124.2Italy
0%
368.0235.9Ivory Coast
0%
206200.2Jamaica
0%
693.3140.0Japan
0%
462.3158.9Jordan
0%
533.0100.0Kazakhstan
0%
465.8259.9Kenya
0%
21.0272.0Kiribati
0%
427.5118.5Kosovo
0%
487.0162.9Kuwait
0%
548.0122.0Kyrgyzstan
0%
610.3194.9Laos
0%
438.070.6Latvia
0%
461.7146.8Lebanon
0%
444.0360.5Lesotho
0%
359.2239.6Liberia
0%
419.3172.9Libya
0%
402.0103.1Liechtenstein
0%
434.376.3Lithuania
0%
394.394.2Luxembourg
0%
486.0324.3Madagascar
0%
456.0307.0Malawi
0%
610.3247.2Malaysia
0%
545.9248.9Maldives
0%
412.9141.1Malta
0%
760.6232.2Marshall Islands
0%
354195.5Mauritania
0%
510.1329.1Mauritius
0%
444.4102.0Moldova
0%
397.2114.5Monaco
0%
614.2104.1Mongolia
0%
423.7117.8Montenegro
0%
366.0153.5Morocco
0%
467309.5Mozambique
0%
597.0188.5Myanmar
0%
418328Namibia
0%
755264Nauru
0%
776.7391.9New Zealand
0%
188.2218.1Nicaragua
0%
403.3203.9Niger
0%
398.0230.8Nigeria
0%
665.7127North Korea
0%
429.5121.7North Macedonia
0%
401.757Norway
0%
509.33187.2Oman
0%
535.7164.2Pakistan
0%
680.5241.3Palau
0%
198232.5Panama
0%
703.7282.4Papua New Guinea
0%
208292Peru
0%
657220.6Philippines
0%
423.687.1Poland
0%
361.7127.6Portugal
0%
495.7176.2Qatar
0%
416.9260.5Republic of the Congo
0%
436.7107.1Romania
0%
447.8267.7Rwanda
0%
239.4203.4Saint Kitts and Nevis
0%
243.2214.6Saint Lucia
0%
242.7216.8Saint Vincent and the
Grenadines
0%
802.8307.7Samoa
0%
408.5113.9San Marino
0%
395.5260.6São Tomé and Príncipe
0%
482.1179.9Saudi Arabia
0%
347212Senegal
0%
427.6113.0Serbia
0%
506.5276Seychelles
0%
354.0232.9Sierra Leone
0%
614.2256.7Singapore
0%
423.098.0Slovakia
0%
413.0106.5Slovenia
0%
742.1295.0Solomon Islands
0%
488230Somalia
0%
431365South Africa
0%
669139South Korea
0%
562235.3Sri Lanka
0%
254.4248.1Suriname
0%
414.360.5Sweden
0%
398.4103.5Switzerland
0%
467.0143.0Syria
0%
652.9182.1Taiwan
0%
545.2133.5Tajikistan
0%
459.1282.5Tanzania
0%
383.0232.4Togo
0%
798.1328.7Tonga
0%
242.5226.6Trinidad and Tobago
0%
401148Tunisia
0%
460.3130.6Turkey
0%
513.0130.6Turkmenistan
0%
785295.3Tuvalu
0%
453.1256.6Uganda
0%
450.696.0Ukraine
0%
502.0182.5United Arab Emirates
0%
37786United Kingdom
0%
153129United States
0%
254.9370.2Uruguay
0%
525122.5Uzbekistan
0%
759318.6Vanuatu
0%
408.5120.7Vatican City
0%
232235Venezuela
0%
488.3208.2Yemen
0%
447.0325.0Zimbabwe
0%

Score Distribution

Percentile by Number Answered

Percent of People with Each Score

Your Score History

You have not taken this quiz